Contabilidad y control de costos

保存先:
書誌詳細
第一著者: Gillespie, Cecil (著者)
フォーマット: 図書
言語:スペイン語
出版事項: Ciudad de México Diana 1970
主題:
タグ: タグ追加
タグなし, このレコードへの初めてのタグを付けませんか!

MARC

LEADER 00000nam a2200000 a 4500
001 UCQ0200
003 CL-VaPUC
008 980627e19700000MX |||||||||||||||||spa|d
082 0 4 |a 657.42  |b GIL  |2 21 
100 0 |a Gillespie, Cecil  |e author  |9 413267 
245 1 0 |a Contabilidad y control de costos 
300 |a 883 p 
942 |c BK 
945 |d 19980627 00:00:00  |a cmena 
260 |a Ciudad de México  |b Diana  |c 1970 
650 0 |a Contabilidad   |9 261430 
650 0 |a Costos   |9 261063 
650 0 |a Contabilidad de costos   |9 260564 
650 0 |a Inventarios   |9 263681 
650 0 |a Operaciones administrativas  |9 335045 
650 0 |a Administración financiera  |9 261146 
650 7 |a GASTOS  |2 CL-VaPUC  |9 357995 
650 0 |a Recursos humanos   |9 228420 
650 7 |a PRESUPUESTO  |2 CL-VaPUC  |9 306206 
650 7 |a PLANIFICACION Y CONTROL  |2 CL-VaPUC  |9 413268 
583 |a last modification  |c 19980627 00:00:00  |k Rodrigo Vera 
999 |c 271339  |d 271337 
952 |0 0  |1 0  |4 0  |6 657_420000000000000_GIL_1970  |7 0  |8 P  |9 305972  |a BIBGIM  |b BIBGIM  |d 2019-11-20  |i 1422960  |o 657.42 GIL 1970  |p 1422960  |r 2025-01-15  |w 2019-11-20  |y BK  |k COM